Desaťročia premien slovenskej spoločnosti

Bibliographic Details
Other Authors: Piscová-Uhlárová, Magdalena, 1949- (Editor)
Format: Book
Language:Slovak
Czech
PhysicalDescription:282 s., [2] s. na príl. grafy, ilustr., mp., tab. 24 cm
Published: Bratislava Sociologický ústav SAV Veda 2011
ISBN:9788085544695 (brož.)
9788022412094 (brož.)
Edition:1. vyd.
Subjects:

MARC

LEADER 00000cam a2200000 a 4500
001 vtls010328755
003 SK-MaSNL
005 20260425232845.0
008 150827s2011 xo dblaf 100 0 slo
015 |a SNBA2012/03-01329 
020 |a 9788085544695 (brož.) 
020 |a 9788022412094 (brož.) 
035 |a 45C958D0-363C-4EF6-8CA2-9E826D940783 
035 |a urn:nbn:sk:snk-amjja1 
035 |a urn:nbn:sk:snk-am000xc5 
040 |a SNK  |b slo  |c SNK  |e AACR2 
041 0 |a slo  |a cze 
043 |a e-xo--- 
044 |a xo  |c SK 
072 7 |a 316  |x Sociológia  |2 konspekt 
080 |a 316  |2 2001 
080 |a (437.6)  |2 2001 
080 |a (062.534)  |2 2001 
245 0 0 |a Desaťročia premien slovenskej spoločnosti  |c editorka: Magdalena Piscová 
250 |a 1. vyd. 
260 |a Bratislava  |b Sociologický ústav SAV  |b Veda  |c 2011 
300 |a 282 s., [2] s. na príl.  |b grafy, ilustr., mp., tab.  |c 24 cm 
504 |a Bibliogr. Bibliogr. odkazy. Pozn. 
546 |a Čiast. text čes. 
650 0 7 |a sociológia  |2 SNKPH  |9 1010 
650 0 7 |a Sociology  |2 SNKPHeng  |9 265226 
651 7 |a Slovensko  |2 SNKPH  |9 14231 
651 7 |a Slovakia  |2 SNKPHeng  |9 92630 
655 7 |a zborníky konferencií  |2 SNKPH  |9 70153 
655 7 |a Proceedings of conferences  |2 SNKPHeng  |9 265791 
700 1 |a Piscová-Uhlárová, Magdalena,  |d 1949-  |4 edt  |9 169533 
852 |a Štátna vedecká knižnica v Banskej Bystrici 
919 |a 978-80-85544-69-5 
919 |a 978-80-224-1209-4 
958 |a NB 
968 |d 30/31 
999 |c 750331  |d 752261 
952 |a SNK  |b SNK  |y PREZ  |7 0  |p 17A0833766  |o snkSC 147421  |i snk2011/24002  |8 0  |0 0  |1 0  |4 0  |d 2011-12-06  |l 0  |r 2025-07-16 00:00:00  |w 2026-02-23 
952 |a SNK  |b SNK  |y VYP  |7 0  |p 17A0833767  |o snkSC 147421 D1  |i snk2011/24003  |8 0  |0 0  |1 0  |4 0  |d 2011-12-06  |f 1  |l 0  |r 2026-02-23 23:29:43  |w 2026-02-23 
952 |t snkDES 316  |a SNKUST  |b SNKUST  |y PREZ  |7 0  |p 17A0878048  |o snkSC 147421 D2  |i snk2012/3925  |8 0  |0 0  |1 0  |4 0  |d 2012-02-14  |l 0  |r 2025-04-29 00:00:00  |w 2026-02-23